The acountable leader (Record no. 109662)
[ view plain ]
| 000 -LEADER | |
|---|---|
| fixed length control field | 00895cam a22002295a 4500 |
| 001 - CONTROL NUMBER | |
| control field | L147631 |
| 008 - FIXED-LENGTH DATA ELEMENTS--GENERAL INFORMATION | |
| fixed length control field | 090601s2008 xxk f 000 0 eng d |
| 020 ## - INTERNATIONAL STANDARD BOOK NUMBER | |
| International Standard Book Number | 9780749451608 |
| 035 ## - SYSTEM CONTROL NUMBER | |
| System control number | (Sirsi) u147631 |
| 041 0# - LANGUAGE CODE | |
| Language code of text/sound track or separate title | eng |
| 100 1# - MAIN ENTRY--PERSONAL NAME | |
| Personal name | Dive,Brian |
| 245 04 - TITLE STATEMENT | |
| Title | The acountable leader |
| Remainder of title | Developing effective leadership through managerial accountability |
| 260 ## - PUBLICATION, DISTRIBUTION, ETC. | |
| Place of publication, distribution, etc. | London |
| Name of publisher, distributor, etc. | Kogan Page |
| Date of publication, distribution, etc. | 2008 |
| 300 ## - PHYSICAL DESCRIPTION | |
| Extent | xi, 260 p. |
| Other physical details | ill. |
| Dimensions | 25cm. |
| 350 ## - PRICE (NR) (BK AM CF MU VM SE) [OBSOLETE] | |
| Price | £18.99 |
| 520 ## - SUMMARY, ETC. | |
| Summary, etc. | This book explores leadership, accountability and organisational structures specifically for managers in any organisation. It illustrates how these three concepts are related by giving examples with case studies and practical tips. |
| 650 24 - SUBJECT ADDED ENTRY--TOPICAL TERM | |
| Topical term or geographic name entry element | Leadership |
| 650 24 - SUBJECT ADDED ENTRY--TOPICAL TERM | |
| Topical term or geographic name entry element | Organizational effectiveness |
| 651 #4 - SUBJECT ADDED ENTRY--GEOGRAPHIC NAME | |
| Geographic name | ENGLAND AND WALES |
| 856 48 - ELECTRONIC LOCATION AND ACCESS | |
| Uniform Resource Identifier | <a href="https://194.154.180.3/uhtbin/cgisirsi.exe/0/0/0/1/117/X/">https://194.154.180.3/uhtbin/cgisirsi.exe/0/0/0/1/117/X/</a> |
| 942 ## - ADDED ENTRY ELEMENTS (KOHA) | |
| Suppress in OPAC | 0 |
| Withdrawn status | Lost status | Source of classification or shelving scheme | Damaged status | Not for loan | Home library | Current library | Shelving location | Date acquired | Total Checkouts | Full call number | Barcode | Date last seen | Copy number | Price effective from | Koha item type |
|---|---|---|---|---|---|---|---|---|---|---|---|---|---|---|---|
| Dewey Decimal Classification | London | London | Staff library | 01/06/2009 | STAFF DIVE | 30076196 | 06/08/2019 | 1 | 06/08/2019 | Book |